BIBLIOTECA PODER JUDICIAL
Portal Judicial TDF

Leyes Fundamentales : (Registro nro. 4584)

000 -LEADER
fixed length control field 00365nam a22001217a 4500
003 - CONTROL NUMBER IDENTIFIER
control field OSt
005 - DATE AND TIME OF LATEST TRANSACTION
control field 20210824120359.0
008 - FIXED-LENGTH DATA ELEMENTS--GENERAL INFORMATION
fixed length control field 210824b ||||| |||| 00| 0 spa d
245 10 - TITLE STATEMENT
Título Leyes Fundamentales :
Subtítulo de la Provincia de Tierra del Fuego, Antártida e Islas del Atlántico Sur
260 ## - PUBLICATION, DISTRIBUTION, ETC. (IMPRINT)
Place of publication, distribution, etc Ushuaia :
Name of publisher, distributor, etc La Lenga,
Date of publication, distribution, etc 2021.
300 ## - PHYSICAL DESCRIPTION
Extent 603 p.
Dimensions 23 cm.
942 ## - ADDED ENTRY ELEMENTS (KOHA)
Source of classification or shelving scheme
Koha item type Libros
Existencias
Withdrawn status Lost status Source of classification or shelving scheme Damaged status Not for loan Permanent Location Current Location Date acquired Total Checkouts Barcode Checked out Date last seen Date checked out Copy number Price effective from Koha item type
          Biblioteca Poder Judicial Sur Biblioteca Poder Judicial Sur 2021-08-24 1 6497 2021-11-25 2021-11-18 2021-11-18 ej. 2 2021-08-24 Libros
          Biblioteca Poder Judicial Sur Biblioteca Poder Judicial Sur 2021-08-24 1 6499 2024-10-07 2024-09-30 2024-09-30 ej. 5 2021-08-24 Libros
          Biblioteca Poder Judicial Sur Biblioteca Poder Judicial Sur 2021-08-24   6782   2026-02-05   ej. 4 2021-08-24 Libros

12 de Octubre 789 Ushuaia - Tel:  54(02901)441571
Horario de Atención: 8.00 a 17.00 hs. 
bibliotecaush@justierradelfuego.gov.ar
koha@justierradelfuego.gov.ar
Seguinos en nuestras redes @bibliojustdf 

Con tecnología Koha